|
|
|
|
| LEADER |
00000nam a2200000 a 4500 |
| 001 |
vtls001450548 |
| 003 |
SK-MaSNL |
| 005 |
20260425225249.0 |
| 008 |
160801sm y0 xo a r 0 slo |
| 015 |
|
|
|a SNBE2003/03-01854
|
| 020 |
|
|
|a 8088704545
|
| 035 |
|
|
|a SNK000405841
|
| 040 |
|
|
|a SNK
|b slo
|c SNK
|e AACR2
|
| 041 |
0 |
|
|a slo
|b eng
|
| 043 |
|
|
|a e-xo---
|
| 044 |
|
|
|a xo
|c SK
|
| 072 |
|
7 |
|a 94(47)
|x Dejiny krajín východnej Európy
|2 konspekt
|
| 080 |
|
|
|a 316.347
|2 1981
|
| 080 |
|
|
|a (=161.2)
|2 1981
|
| 080 |
|
|
|a (437.678 )
|2 1981
|
| 080 |
|
|
|a (091)
|2 1981
|
| 245 |
1 |
|
|a História a súčasnosť Rusínov v Levočských vrchoch
|b z pokladnice našej histórie a súčasnosti
|c texty: Mária Novotná...[et al.] ; foto: Ľubica Džugánová... [et al.]
|
| 260 |
|
|
|a Levoča
|b Polypress
|c 2002
|
| 300 |
|
|
|a 32 s.
|b fareb. fotogr., mp.
|c 21 cm
|
| 500 |
|
|
|a Vyd. pre Obecné úrady Tichý Potok, Olšavica, Nižné Repaše, Torysky
|
| 500 |
|
|
|a 4000 výt.
|
| 504 |
|
|
|a Res. angl.
|
| 650 |
0 |
7 |
|a Rusíni
|2 SNKPH
|9 4087
|
| 650 |
0 |
7 |
|a národná identita
|2 SNKPH
|9 1665
|
| 651 |
|
7 |
|a Slovensko
|2 SNKPHgeo
|9 14231
|
| 655 |
|
7 |
|a informačné publikácie
|2 SNKPH
|9 70181
|
| 700 |
1 |
|
|a Novotná, Mária,
|d 1958-
|4 tex
|9 274295
|
| 700 |
1 |
|
|a Džugánová, Ľubica
|4 tex
|4 fot
|9 393656
|
| 700 |
1 |
|
|a Kurucová, Žofia
|4 tex
|4 fot
|9 393657
|
| 700 |
1 |
|
|a Lileková, Valéria
|4 tex
|9 393658
|
| 700 |
1 |
|
|a Lisoňová, Mária
|4 tex
|9 393659
|
| 700 |
1 |
|
|a Chalupecký, Ivan,
|d 1932-2020
|4 tex
|9 199754
|
| 700 |
1 |
|
|a Žifčák, František,
|d 1951-
|4 tex
|9 235507
|
| 700 |
1 |
|
|a Molčan, Michal
|4 tex
|4 fot
|9 45835
|
| 700 |
1 |
|
|a Demočko, Mikuláš
|4 tex
|4 fot
|9 393660
|
| 700 |
1 |
|
|a Čarák, Ján
|4 tex
|9 393661
|
| 700 |
1 |
|
|a Beličák, Michal
|4 fot
|9 393662
|
| 700 |
1 |
|
|a Griger, Jozef
|4 fot
|9 393663
|
| 700 |
1 |
|
|a Péchy, Štefan,
|d 1944-
|4 fot
|9 86635
|
| 700 |
1 |
|
|a Šarossy, Pavol
|4 fot
|9 387734
|
| 710 |
0 |
|
|a Tichý Potok (Slovensko).
|b Obecný úrad
|4 vyd
|9 67397
|
| 710 |
1 |
|
|a Nižné Repaše (Slovensko).
|b Obecný úrad
|4 vyd
|9 89827
|
| 710 |
1 |
|
|a Torysky (Slovensko).
|b Obecný úrad
|4 vyd
|9 67398
|
| 710 |
1 |
|
|a Olšavica (Slovensko).
|b Obecný úrad
|4 vyd
|9 186940
|
| 919 |
|
|
|a 80-88704-54-5
|
| 999 |
|
|
|c 643148
|d 645078
|
| 952 |
|
|
|t P60, <03>, [BOOK], {603}
|a SNK
|b SNK
|y PREZ
|7 0
|p 17A0377198
|o snkOSD 8665
|i snkKSP 3970/2003
|0 0
|1 0
|4 0
|d 2003-03-03
|l 0
|r 2005-01-02 00:00:00
|w 2026-02-23
|
| 952 |
|
|
|t P60, <04>, [BOOK], {604}
|a SNK
|b SNK
|y VYP
|7 0
|p 17A0377199
|o snkOSD 8665 D1
|i snkKSP 3216/2003
|0 0
|1 0
|4 0
|d 2003-03-03
|l 0
|r 2005-01-02 00:00:00
|w 2026-02-23
|